000 00839nam a2200253Ia 4500
003 OSt
005 20220926015008.0
006 a|||||r|||| 00| 0
007 ta
008 220923b |||||||| |||| 00| 0 eng d
037 _cGeneral Book
040 _aRTL
_cRTL
_beng
041 _2eng
_aeng
082 _aX9(J711).73.N59s, J9
110 _aNational Industrial Conference Board, New York
_9321443
245 0 _aStatistics of manufacturing industries
_b Rubber pr
260 _aNew York
_bNational Industrial Conference Board U. S. A.
_c1959
300 _a95p.
_ccm.
490 _aStatistics of Manufacturing Industries
650 _aRubber Industry
_9233929
700 _aNational Industrial Conference Board, New York
_9321444
942 _hX9(J711).73.N59s, J9
_cGB
_2CC
999 _c630329
_d630329